महाश्वेता / (Record no. 116863)

MARC details
000 -LEADER
fixed length control field 01016nam a22002537a 4500
005 - DATE AND TIME OF LATEST TRANSACTION
control field 20170124103045.0
010 ## - LIBRARY OF CONGRESS CONTROL NUMBER
LC control number 192075
020 ## - INTERNATIONAL STANDARD BOOK NUMBER
Terms of availability 00.00
035 ## - SYSTEM CONTROL NUMBER
System control number 192075
037 ## - SOURCE OF ACQUISITION
Source of stock number/acquisition Cen Lib/Ret
040 ## - CATALOGING SOURCE
Original cataloging agency DPL
Language of cataloging HN
082 ## - DEWEY DECIMAL CLASSIFICATION NUMBER
Classification number
Item number वनद्यो
100 ## - MAIN ENTRY--PERSONAL NAME
Personal name वन्द्योपाध्याय, ताराशंकर
9 (RLIN) 68706
245 ## - TITLE STATEMENT
Title महाश्वेता /
Statement of responsibility, etc ताराशंकर वन्द्योपाध्याय
246 ## - VARYING FORM OF TITLE
Title proper/short title Mahashweta /
Remainder of title by Tarashnakr Vandyopadhyaya
260 ## - PUBLICATION, DISTRIBUTION, ETC. (IMPRINT)
Place of publication, distribution, etc नयी दिल्ली
Name of publisher, distributor, etc राजकमल प्रकाशन
Date of publication, distribution, etc 1956
270 ## - ADDRESS
City नयी दिल्ली
300 ## - PHYSICAL DESCRIPTION
Extent 235पृ.
Dimensions 16सेमी (सजिल्द)
650 ## - SUBJECT ADDED ENTRY--TOPICAL TERM
Topical term or geographic name as entry element हिंदी साहित्य
9 (RLIN) 68707
650 ## - SUBJECT ADDED ENTRY--TOPICAL TERM
Topical term or geographic name as entry element हिंदी साहित्य
General subdivision उपन्यास
9 (RLIN) 42619
650 ## - SUBJECT ADDED ENTRY--TOPICAL TERM
Topical term or geographic name as entry element Hindi literature
9 (RLIN) 68708
650 ## - SUBJECT ADDED ENTRY--TOPICAL TERM
Topical term or geographic name as entry element Hindi literature
General subdivision fiction
9 (RLIN) 68709
942 ## - ADDED ENTRY ELEMENTS (KOHA)
Source of classification or shelving scheme Dewey Decimal Classification
Koha item type Hindi Books
Classification part
Call number suffix वनद्यो
Holdings
Withdrawn status Lost status Damaged status Not for loan Home library Current library Date acquired Source of acquisition Cost, normal purchase price Total Checkouts Full call number Barcode Date last seen Copy number Cost, replacement price Price effective from Koha item type Public note
Written off       Central Library Central Library 25/08/2015 Cen Lib/Ref 0.00   उ वनद्यो 192075 25/08/2015 1 0.00 25/08/2015 Hindi Books Written off on approval by DLB (By Circulation); dtd 15-06-2023

© Delhi Public Library
Hit Counter
free hit counter